Welcome to the Holygrace Academy Library

Please use search bar below to get started

I VALUE PEACE (Record no. 2734)

MARC details
000 -LEADER
fixed length control field 00403nam a22001577a 4500
020 ## - INTERNATIONAL STANDARD BOOK NUMBER
ISBN 81-7181-568-5
082 ## - DEWEY DECIMAL CLASSIFICATION NUMBER
Classification number 823
Item number JOS/M
100 ## - MAIN ENTRY--AUTHOR NAME
Personal name JOSEPH, MARY
245 ## - TITLE STATEMENT
Title I VALUE PEACE
Remainder of title SHORT STORY
246 ## - VARYING FORM OF TITLE
Title proper/short title I VALUE PEACE
Remainder of title SHORT STORY
260 ## - PUBLICATION, DISTRIBUTION, ETC. (IMPRINT)
Place of publication DELHI
Name of publisher LEARNERS PRESS PRIVATE LIMITED
Year of publication 2002
300 ## - PHYSICAL DESCRIPTION
Number of Pages 46
520 ## - SUMMARY, ETC.
Summary, etc STORY RELATED TO VALUES
650 ## - SUBJECT ADDED ENTRY--TOPICAL TERM
Topical Term STORY RELATED TO VALUES
942 ## - ADDED ENTRY ELEMENTS (KOHA)
Koha item type Books

No items available.